000
00319nam a2200157Ia 4500
100
_a
Lowery/Joseph W
650
_a
HTML
942
_c
BK
366
_f
20
245
_a
HTML 5-24 hour trainer
260
_b
Wiley India
_c
2011
082
_a
4.65
_b
LOW
300
_a
627
546
_a
ENGLISH
_c
Computers
999
_c
23544
_d
23544